Galošky

Bibliographic Details
Main Author: Kováčová, Pavla, 1931-2014 (Author)
Other Authors: Machaj, Vladimír, 1929-2016 (Illustrator), Reinhardtová, Eva (Translator)
Format: Book
Language:Czech
Slovak
Published: Martin Osveta c1997
Subjects:

MARC

LEADER 00000cam a2200000 a 4500
001 vtls001288881
003 SK-MaSNL
005 20260301064905.0
008 240702s1997 xo a ar 000 j cze
015 |a SNBA1997/1002725 
020 |a 8021705302 
035 |a SNK000240496 
035 |a urn:nbn:sk:snk-amkuai 
035 |a urn:nbn:sk:snk-am004q0g 
035 |a 0003F933-BCC8-4B4D-824E-36277264E055 
040 |a SNK  |b slo  |c SNK  |e AACR2 
041 1 |a cze  |h slo 
044 |a xo  |c SK 
072 7 |a 821-93  |x Literatúra pre deti a mládež (beletria)  |2 konspekt 
080 |a 885.4-3(087.5)=850  |2 1981 
080 |a 82-93-053.4/.5  |2 2011 
080 |a 82-34:808.1  |2 2011 
080 |a 821.162.4-34  |2 2011 
100 1 |a Kováčová, Pavla,  |d 1931-2014  |4 aut  |9 168061 
240 1 0 |a Čižmičky  |l Česky 
245 1 0 |a Galošky  |c Pavla Kováčová ; [ilustroval Vladimír Machaj] ; [ze slovenského originálu do češtiny přeložila Eva Reinhardtová] 
260 |a Martin  |b Osveta  |c c1997 
300 |a 39 s.  |b fareb. ilustr.  |c 20 cm 
500 |a Rozlož. ilustr. na tit. strane 
500 |a Údaj o ilustr. a prekl. prevzatý z rubu tit. strany 
521 |a Pre deti od 4 rokov 
655 7 |a literatúra pre deti  |2 SNKPH  |9 87135 
655 7 |a autorské rozprávky  |2 SNKPH  |9 70727 
655 7 |a slovenské rozprávky  |2 SNKPH  |9 70528 
700 1 |a Machaj, Vladimír,  |d 1929-2016  |4 ill  |9 117940 
700 1 |a Reinhardtová, Eva  |4 trl  |9 46494 
852 |a Slovenská národná knižnica 
919 |a 80-217-0530-2 
954 |a beletria pôvodná (slovenská)  |2 lita 
958 |a LX 
958 |a DB 
958 |a CZ 
958 |a UP 
968 |a Čes  |b SLO 
999 |c 628621  |d 630551 
952 |t P60, <09>, [BOOK], {629}  |a SNK  |b SNK  |y NEVYP  |7 0  |o snkD 334  |i snk2591/970609  |0 0  |1 0  |4 0  |d 1997-06-06  |l 0  |r 2005-01-02 00:00:00  |w 2026-02-23 
952 |t P60, <03>, [BOOK], {603}  |a SNK  |b SNK  |y PREZ  |7 0  |p 17A0069197  |o snkSD 68664  |i snkKSP 5971/97  |0 0  |1 0  |4 0  |d 1997-06-12  |l 0  |r 2005-01-02 00:00:00  |w 2026-02-23 
952 |t P60, <04>, [BOOK], {604}  |a SNK  |b SNK  |y VYP  |7 0  |p 17A0069196  |o snkSD 68664 D1  |i snkKSP 5972/97  |0 0  |1 0  |4 0  |d 1997-06-12  |f 1  |l 0  |r 2005-01-02 00:00:00  |w 2026-02-23